Wanita metakil; (Record no. 88567)

MARC details
000 -LEADER
fixed length control field 00561cam a22002051 4500
001 - CONTROL NUMBER
control field sa 68018663
003 - CONTROL NUMBER IDENTIFIER
control field DLC
005 - DATE AND TIME OF LATEST TRANSACTION
control field 20260227112713.0
008 - FIXED-LENGTH DATA ELEMENTS--GENERAL INFORMATION
fixed length control field 790309s1965 io a 000 1 jav
010 ## - LIBRARY OF CONGRESS CONTROL NUMBER
LC control number sa 68018663
035 ## - SYSTEM CONTROL NUMBER
System control number (OCoLC)4727655
040 ## - CATALOGING SOURCE
Original cataloging agency DLC
Transcribing agency OAU
Modifying agency DLC
042 ## - AUTHENTICATION CODE
Authentication code premarc
050 00 - LIBRARY OF CONGRESS CALL NUMBER
Classification number PL5179.T75
Item number W35
100 0# - MAIN ENTRY--PERSONAL NAME
Personal name Trijana Pr
245 10 - TITLE STATEMENT
Title Wanita metakil;
Remainder of title fiction,
Statement of responsibility, etc. karjané Trijana Pr. Gambar : L. M. B. Soemantri.
260 ## - PUBLICATION, DISTRIBUTION, ETC.
Place of publication, distribution, etc. Solo,
Name of publisher, distributor, etc. Mutiara Press
Date of publication, distribution, etc. [1965]
300 ## - PHYSICAL DESCRIPTION
Extent 33 p.
Other physical details illus.
Dimensions 14 cm.
490 0# - SERIES STATEMENT
Series statement Buku saku Mutiara

No items available.

Powered by Koha